书目信息 |
| 题名: |
废旧锂离子电池再生利用新技术
|
|
| 作者: | 董鹏 , 孟奇 , 张英杰 著 | |
| 分册: | ||
| 出版信息: | 北京 冶金工业出版社 2022.03 |
|
| 页数: | 293页 | |
| 开本: | 24cm | |
| 丛书名: | ||
| 单 册: | ||
| 中图分类: | X760.5 | |
| 科图分类: | ||
| 主题词: | 锂离子电池--li li zi dian chi--废物综合利用 | |
| 电子资源: | ||
| ISBN: | 978-7-5024-8875-8 | |
| 000 | 01186nam0 2200253 450 | |
| 001 | 011025153359 | |
| 005 | 20221025153359.0 | |
| 010 | @a978-7-5024-8875-8@dCNY89.00 | |
| 100 | @a20201004d2022 em y0chiy0120 ea | |
| 101 | 0 | @achi |
| 102 | @aCN@b110000 | |
| 105 | @aa z 000yy | |
| 106 | @ar | |
| 200 | 1 | @a废旧锂离子电池再生利用新技术@Afei jiu li li zi dian chi zai sheng li yong xin ji shu@f董鹏, 孟奇, 张英杰著 |
| 210 | @a北京@c冶金工业出版社@d2022.03 | |
| 215 | @a293页@c图@d24cm | |
| 300 | @a“十四五”时期国家重点出版物出版专项规划项目 | |
| 330 | @a本书以三元材料、钴酸锂、磷酸铁锂等类型废旧锂离子电池的湿法回收、短程回收为主线,系统介绍了废旧锂离子电池回收利用过程中的预处理、湿法浸出、材料再生、短程回收等机理与调控技术。全书分为4章,主要内容包括:废旧锂离子电池回收利用现状、废旧锂离子电池中三元材料回收利用、废旧锂离子电池中磷酸铁锂材料回收利用、废旧锂离子电池中钴酸锂材料回收利用,书后附有废旧锂离子电池回收利用的相关政策、标准等。 | |
| 606 | 0 | @a锂离子电池@Ali li zi dian chi@x废物综合利用 |
| 690 | @aX760.5@v5 | |
| 701 | 0 | @a董鹏@Adong peng@4著 |
| 701 | 0 | @a孟奇@Ameng qi@4著 |
| 701 | 0 | @a张英杰@Azhang ying jie@4著 |
| 905 | @a河南城建学院图书馆@dX760.5@eD722 | |
| 废旧锂离子电池再生利用新技术/董鹏, 孟奇, 张英杰著.-北京:冶金工业出版社,2022.03 |
| 293页:图;24cm |
| “十四五”时期国家重点出版物出版专项规划项目 |
| ISBN 978-7-5024-8875-8:CNY89.00 |
| 本书以三元材料、钴酸锂、磷酸铁锂等类型废旧锂离子电池的湿法回收、短程回收为主线,系统介绍了废旧锂离子电池回收利用过程中的预处理、湿法浸出、材料再生、短程回收等机理与调控技术。全书分为4章,主要内容包括:废旧锂离子电池回收利用现状、废旧锂离子电池中三元材料回收利用、废旧锂离子电池中磷酸铁锂材料回收利用、废旧锂离子电池中钴酸锂材料回收利用,书后附有废旧锂离子电池回收利用的相关政策、标准等。 |
| ● |
| 相关链接 |
|
|
|
正题名:废旧锂离子电池再生利用新技术
索取号:X760.5/D722
 
预约/预借
| 序号 | 登录号 | 条形码 | 馆藏地/架位号 | 状态 | 备注 |
| 1 | 1587829 | 215878290 | 自科库501/501自科库 109排2列5层/ [索取号:X760.5/D722] | 在馆 |